• 首页
  • 本馆介绍
  • 公告通知
  • 最新文献
  • 馆藏检索
  • 电子资源
  • 读者导购
  • 参考咨询
  • 我的图书馆
  • 登录
  • 详细信息显示
  • 放入我的书架
  • 预约/预借图书
  • 作者相关作品
  • 分类相关作品
  • 丛书相关作品
  • 出版社相关作品

书目信息

  • 表格格式
  • 工作单格式
  • 卡片格式
题名:
政治经济学
    
 
作者: 于光远 , 苏星 主编
分册: 上册   资本主义部分
出版信息: 北京   人民出版社  1977.3
页数: 171页
开本: 19cm
丛书名:
单 册:
中图分类: F038
科图分类:
主题词: 垄断经济学 , 帝国主义
电子资源:
ISBN:
000 00631nam0 2200229 45
001 0304111010
005 20060801090023.43
010    @dCNY0.33
091    @a4001.296
100    @a20030411d1977 km y0chiy0120 ea
101 0  @achi
200 1  @a政治经济学@AZheng Zhi Jing Ji Xue@i资本主义部分@h上册@f于光远,苏星主编@FYu Guang Yuan,Su Xing Zhu Bian
210    @a北京@c人民出版社@d1977.3
215    @a171页@d19cm
517    @a资本主义部分
606 0  @a垄断经济学
606 0  @a帝国主义
690    @aF038@v3
701  0 @a于光远@4主编
701  0 @a苏星@4主编
801    @aCN@bTSTC@c20060801
905    @dF038@e1:1@f1@b18222@f1@b65769
    
    政治经济学.资本主义部分.上册/于光远,苏星主编.-北京:人民出版社,1977.3
    171页;19cm
    
    
    ISBN :CNY0.33
    
●
相关链接 在E读中查询图书 在五车中查询图书 在当当中查询图书 在豆瓣中查询图书


正题名:政治经济学     索取号:F038/1:1         预约/预借

序号 登录号 条形码 馆藏地/架位号 状态 备注
1 0018222   001271769   第一样本阅览室/ [索取号:F038/1:1] 在馆    
2 0018223   001271821   密集书库/ [索取号:F038/1:1] 在馆    
3 0018224   001271830   密集书库/ [索取号:F038/1:1] 在馆    
4 0018231   001271867   密集书库/ [索取号:F038/1:1] 在馆    
5 0018232   001271876   密集书库/ [索取号:F038/1:1] 在馆    
6 0031965   001582950   密集书库/ [索取号:F038/1:1] 在馆    
7 0031966   001271778   第一借阅区/ [索取号:F038/1:1] 在馆    
8 0031967   001271689   密集书库/ [索取号:F038/1:1] 在馆    
9 0031968   001271643   密集书库/ [索取号:F038/1:1] 在馆    
10 0031969   001271812   密集书库/ [索取号:F038/1:1] 在馆    
11 0065767   202165511   密集书库/ [索取号:F038/1:1] 在馆    
12 0065768   001271723   密集书库/ [索取号:F038/1:1] 在馆    
13 0065769   001970264   密集书库/ [索取号:F038/1:1] 在馆    
14 0065770   202165664   密集书库/ [索取号:F038/1:1] 在馆    
15 0065772   001271518   第一借阅区/ [索取号:F038/1:1] 在馆    
16 0065773   001271527   密集书库/ [索取号:F038/1:1] 在馆    
17 0065774   001582754   密集书库/ [索取号:F038/1:1] 在馆    
18 0065775   001271714   密集书库/ [索取号:F038/1:1] 在馆    
19 0065776   001791500   密集书库/ [索取号:F038/1:1] 在馆    
20 0424488   204244889   密集书库/ [索取号:F038/1:1] 在馆    
21 0440985   204409853   密集书库/ [索取号:F038/1:1] 在馆    
22 0440986   204409862   密集书库/ [索取号:F038/1:1] 在馆    
23 0440987   204409871   密集书库/ [索取号:F038/1:1] 在馆    
24 0441141   204411412   密集书库/ [索取号:F038/1:1] 在馆    
25 0441142   204411421   密集书库/ [索取号:F038/1:1] 在馆    
唐山师范学院图书馆 欢迎您!
大连网信软件有限公司© 版权所有